Les commencements de l'Ecole de Droit de Bologne / (Record no. 54242)
[ view plain ]
| 000 -LEADER | |
|---|---|
| campo de control de longitud fija | 00572nam a22001695i 4500 |
| 001 - NÚMERO DE CONTROL | |
| campo de control | 54242 |
| 003 - IDENTIFICADOR DE NÚMERO DE CONTROL | |
| campo de control | ES-MaACL |
| 007 - CAMPO FIJO DE DESCRIPCIÓN FÍSICA--INFORMACIÓN GENERAL | |
| campo de control de longitud fija | t| |
| 008 - DATOS DE LONGITUD FIJA--INFORMACIÓN GENERAL | |
| campo de control de longitud fija | 960716s1888 fr ||||1| fre d |
| 040 ## - FUENTE DE CATALOGACIÓN | |
| Centro catalogador/agencia de origen | CAM |
| Lengua de catalogación | spa |
| Centro/agencia transcriptor | CAM |
| 100 1# - ENTRADA PRINCIPAL--NOMBRE DE PERSONA | |
| Nombre de persona | Fitting, Hermann. |
| 9 (RLIN) | 51062 |
| 245 14 - MENCIÓN DEL TÍTULO | |
| Título | Les commencements de l'Ecole de Droit de Bologne / |
| Mención de responsabilidad, etc. | par Hermann Fitting; traduit de l'allemand par Paul Leseur. |
| 260 ## - PUBLICACIÓN, DISTRIBUCIÓN, ETC. | |
| Lugar de publicación, distribución, etc. | Paris : |
| Nombre del editor, distribuidor, etc. | Arthur Rousseau, |
| Fecha de publicación, distribución, etc. | 1888 ( |
| Lugar de fabricación/manufactura | Arcis-sur-Aube : |
| Fabricante | imprimerie Léon Frémont) |
| 300 ## - DESCRIPCIÓN FÍSICA | |
| Extensión | XIV, 136 p. ; |
| Dimensiones | 23 cm. |
| 700 1# - ENTRADA AGREGADA--NOMBRE PERSONAL | |
| Nombre de persona | Leseur, Paul. |
| 9 (RLIN) | 71837 |
| 852 ## - LOCALIZACIÓN | |
| Ubicación | ES-MaACL |
| Número de control de estantería | G-5375 |
| Estatus retirado | Estado de pérdida | Estado de daño | No para préstamo | Colección | Biblioteca de origen | Biblioteca actual | Ubicación en estantería | Fecha de adquisición | Fuente de adquisición | Total de préstamos | Signatura topográfica completa | Código de barras | Visto por última vez | Precio de reemplazo | Tipo de ítem Koha |
|---|---|---|---|---|---|---|---|---|---|---|---|---|---|---|---|
| Libros del s. XIX | Biblioteca del Ateneo de Madrid | Biblioteca del Ateneo de Madrid | Depósito 2 | 17/01/2008 | G-5375 | 1057002 | 23/02/2023 | 23/02/2023 | Libro impreso antiguo |
